| 000 | 00449nam a2200133 a 4500 | ||
|---|---|---|---|
| 008 | 120416s1980 xx |||||||||||||| || u | ||
| 050 | _aTH 3301 Ric | ||
| 100 | _aRichardson, Barry Arthur | ||
| 245 | 1 | 0 | _aRemedial treatment of buildings |
| 260 | _c1980 | ||
| 300 | _a: ill. | ||
| 350 | _a0.00 | ||
| 995 |
_D0.00 _FCBU-MAIN LIBRARY (Kitwe) _H1 _I21.00 _UAVAILABLE _ZAnnex Low-Usage Collection |
||
| 999 |
_c56034 _d56034 |
||